Statistics for Countries who with their territories are covered by most time zones

Click here to take the quiz!

General Stats

  • This quiz has been taken 47 times
  • The average score is 9 of 10

Answer Stats

ZonesAnswer% Correct
11Russia
100%
12France
98%
11USA
98%
9UK
98%
6Canada
98%
8Australia
96%
4Brazil
89%
4Mexico
76%
5New Zealand
64%
5Denmark
60%

Score Distribution

Percentile by Number Answered

Percent of People with Each Score

Your Score History

You have not taken this quiz